=LDR 00000nam 2200000 4500 =001 INLIS000000000010540 =005 20130612102206 =008 ***********************************Ind** =035 ##$$0010-061300000010540 =041 ##$$a Ind =082 ##$$a 347.05 =090 ##$$a 347.05, Sut h =100 ##$$a SUTANTO, Ratnawulan =245 ##$$a Hukum acara perdata dalam teori dan parkatek =260 ##$$a 2002 $b Bandung =300 ##$$a xx, 456 hlm, 21 cm =650 ##$$a Hukum Acara Perdata =850 ##$$a NBPNMAT =990 ##$$a 0001/BPAP-NTB/20142015